[Event "GER-chT Christmas U16 Steinitz"]
[Site "Playchess.com INT"]
[Date "2020.12.28"]
[Round "1.2"]
[White "Von Rosen, Jakob"]
[Black "Bangsa Giesen, Citra"]
[Result "1-0"]
[WhiteElo "1722"]
[BlackElo "1398"]
[PlyCount "57"]
[EventDate "2020.12.28"]
[EventType "team-swiss (blitz)"]
[EventRounds "7"]
[EventCountry "GER"]
[SourceTitle "CBM 200 Extra"]
[Source "ChessBase"]
[SourceDate "2021.03.31"]
[SourceVersion "1"]
[SourceVersionDate "2021.03.31"]
[SourceQuality "1"]
[WhiteTeam "Blankenese"]
[BlackTeam "Kelheim II"]
[WhiteTeamCountry "GER"]
[BlackTeamCountry "GER"]

1. e4 c5 2. Nf3 Nc6 3. d4 d6 4. dxc5 dxc5 5. Qxd8+ Nxd8 6. Be3 e6 7. Nc3 a6 8. 0-0-0 Nf6 9. e5 Nd7 10. Be2 Be7 11. Rd2 0-0 12. Rhd1 Nb6 13. Ne4 Nd5 14. Bxc5 Nc6 15. Bxe7 Ncxe7 16. Nd6 Ng6 17. h4 b5 18. h5 Ngf4 19. h6 g6 20. g3 Nxe2+ 21. Rxe2 b4 22. Ng5 a5 23. Nge4 Bd7 24. Rxd5 exd5 25. Nf6+ Kh8 26. Nxd7 Rfd8 27. Nxf7+ Kg8 28. Nxd8 Rxd8 29. e6 1-0

[Event "Blankenese op 2nd"]
[Site "Hamburg"]
[Date "2018.09.29"]
[Round "2.33"]
[White "Von Rosen, Jakob"]
[Black "Wang, Huanying"]
[Result "1-0"]
[WhiteElo "1702"]
[BlackElo "1305"]
[PlyCount "65"]
[EventDate "2018.09.29"]
[EventType "swiss"]
[EventRounds "7"]
[EventCountry "GER"]
[SourceTitle "EXT 2020"]
[Source "ChessBase"]
[SourceDate "2019.10.17"]
[SourceVersion "1"]
[SourceVersionDate "2019.10.17"]
[SourceQuality "1"]

1. e4 e5 2. Nf3 Nc6 3. Bc4 Nf6 4. d3 Bd6 5. 0-0 0-0 6. c3 Qe7 7. Nbd2 a6 8. Re1 Na5 9. Bb3 h6 10. Bc2 c5 11. d4 cxd4 12. cxd4 Nc6 13. Nc4 Bc7 14. d5 b5 15. Ne3 Qc5 16. dxc6 dxc6 17. Qe2 a5 18. b3 Re8 19. Bb2 Bb7 20. Rac1 Qa7 21. Bb1 Rad8 22. Nf5 Bc8 23. Rxc6 Qb8 24. Nxh6+ gxh6 25. Rxf6 Kg7 26. Rc6 f6 27. Rec1 Rd7 28. Nh4 Rf7 29. Qh5 Be6 30. Qg6+ Kh8 31. Rxe6 Rxe6 32. Qxf7 Qe8 33. Ng6# 1-0

[Event "GER-ch U10"]
[Site "Willingen"]
[Date "2015.05.29"]
[Round "9"]
[White "Von Rosen, Jakob"]
[Black "Bress, Amy Charlize"]
[Result "0-1"]
[WhiteElo "1124"]
[BlackElo "941"]
[PlyCount "138"]
[EventDate "2015.05.24"]
[EventType "swiss"]
[EventRounds "11"]
[EventCountry "GER"]
[SourceTitle "CBM 166 Extra"]
[Source "ChessBase"]
[SourceDate "2015.06.18"]
[SourceVersion "1"]
[SourceVersionDate "2015.06.18"]
[SourceQuality "1"]

1. c4 d6 2. g3 e5 3. Nc3 Be6 4. d3 Nc6 5. Bg2 Qd7 6. Nf3 0-0-0 7. 0-0 Bh3 8. Rb1 h5 9. Nd5 h4 10. Bxh3 Qxh3 11. Ng5 Qd7 12. f3 hxg3 13. hxg3 f6 14. Ne4 Qh3 15. Kf2 Qh2+ 16. Ke1 Qg2 17. Be3 Rh1 18. Kd2 Rxf1 19. Qxf1 Qxf1 20. Rxf1 Nge7 21. Nxe7+ Bxe7 22. Rh1 d5 23. Nc5 Bxc5 24. Bxc5 dxc4 25. Rh7 cxd3 26. exd3 Rd5 27. Bf8 Nd4 28. f4 exf4 29. gxf4 Ne6 30. Rh8 Rd8 31. Bxg7 Nxg7 32. Rxd8+ Kxd8 33. Ke3 Kd7 34. Ke4 f5+ 35. Ke5 Ke7 36. d4 c6 37. d5 cxd5 38. Kxd5 Kf6 39. Kd4 Nh5 40. Ke3 Ke6 41. a4 Kd5 42. b3 Kc5 43. Kd3 Nxf4+ 44. Ke3 Ng6 45. Kd3 f4 46. Kc3 f3 47. b4+ Kc6 48. Kd3 Ne5+ 49. Ke3 b5 50. a5 Kd5 51. Kf2 Kc4 52. Ke3 Kxb4 53. Kf2 Kxa5 54. Ke3 b4 55. Kf2 b3 56. Ke3 b2 57. Kf2 b1Q 58. Ke3 f2 59. Kxf2 Qe4 60. Kg1 Qf5 61. Kg2 Kb4 62. Kg3 Kc4 63. Kh4 Kd4 64. Kg3 Ke4 65. Kg2 Ke3 66. Kg3 Qf3+ 67. Kh2 Qg4 68. Kh1 Kf2 69. Kh2 Qg2# 0-1